The X files : (Record no. 3273)

MARC details
000 -LEADER
fixed length control field 00757cgm a2200217 4500
001 - CONTROL NUMBER
control field 4007
005 - DATE AND TIME OF LATEST TRANSACTION
control field 20181127172418.0
010 ## - LIBRARY OF CONGRESS CONTROL NUMBER
LC control number 2001554747
100 1# - MAIN ENTRY--PERSONAL NAME
Personal name Carter, Chris.
Dates associated with a name
245 10 - TITLE STATEMENT
Title The X files :
Remainder of title The complete second season /
Statement of responsibility, etc. Chris Carter an,
260 ## - PUBLICATION, DISTRIBUTION, ETC.
Place of publication, distribution, etc. New York :
Name of publisher, distributor, etc. HarperEntertainment,
Date of publication, distribution, etc. 2008.
300 ## - PHYSICAL DESCRIPTION
Extent 5 videodisc : sd., col. ; 4 3/4 in.
Dimensions
440 #0 - SERIES STATEMENT/ADDED ENTRY--TITLE
Title X-files young adult books ;
Volume/sequential designation #13
610 10 - SUBJECT ADDED ENTRY--CORPORATE NAME
Corporate name or jurisdiction name as entry element United States.
Name of part/section of a work Federal Bureau of Investigation
Form subdivision Fiction.
650 #0 - SUBJECT ADDED ENTRY--TOPICAL TERM
Topical term or geographic name entry element Mulder, Fox (Fictitious character)
Form subdivision Fiction.
Topical term or geographic name entry element Scully, Dana (Fictitious character)
Form subdivision Fiction.
655 #7 - INDEX TERM--GENRE/FORM
Genre/form data or focus term Occult fiction.
Source of term gsafd
Genre/form data or focus term Science fiction.
Source of term gsafd
700 1# - ADDED ENTRY--PERSONAL NAME
Personal name Carter, Chris,
Dates associated with a name 1957-
730 0# - ADDED ENTRY--UNIFORM TITLE
Uniform title X-files (Television program)
Holdings
Withdrawn status Lost status Damaged status Not for loan Collection code Home library Current library Shelving location Serial Enumeration / chronology Total Checkouts Full call number Barcode Date last seen Price effective from Koha item type
        Desk RTC Library RTC Library Desk 1   DVD XFIDESK 30006731 27/11/2018 27/11/2018 Desk (DVD/CD)
        Desk RTC Library RTC Library Desk 2   DVD XFIDESK 30006741 27/11/2018 27/11/2018 Desk (DVD/CD)
        Desk RTC Library RTC Library Desk 3   DVD XFIDESK 30006742 27/11/2018 27/11/2018 Desk (DVD/CD)
        Desk RTC Library RTC Library Desk 4   DVD XFIDESK 30003391 27/11/2018 27/11/2018 Desk (DVD/CD)
        Desk RTC Library RTC Library Desk 5   DVD XFIDESK 30006743 27/11/2018 27/11/2018 Desk (DVD/CD)
        Desk RTC Library RTC Library Desk 6   DVD XFIDESK 30006682 27/11/2018 27/11/2018 Desk (DVD/CD)
Royal Thimphu College || All Right Reserved